000 00539nam a2200193Ia 4500
003 OSt
005 20260225095532.0
008 220923b |||||||| |||| 00| 0 eng d
037 _cGeneral Book
040 _aRTL
_cRTL
_beng
041 _2eng
_aeng
100 _aGORKY, Maxim
_941007
245 0 _aCollected works.
260 _aMascow
_bProgress publishers
_c1982
300 _a389 p.
_bInclued index and reference
490 _vVol. ix
942 _h0142:3m68w, M2
_cREF
_2CC
999 _c589415
_d589415